[Event "1st FIDE OWCCCC Pools-East 2021"]
[Site "Online"]
[Date "2021.02.19"]
[Round "1.47"]
[White "Carballido Mateo, Ignacio"]
[Black "Athirai, S."]
[Result "0-1"]
[WhiteElo "1581"]
[BlackElo "1899"]
[Annotator "NA"]
[PlyCount "96"]
[EventDate "2021.02.19"]
[EventType "team-tourn"]
[EventCountry "NET"]
[SourceTitle "playchess.com"]
[Source "ChessBase"]
[SourceQuality "1"]

1. e4 c5 2. Nc3 d6 3. Nf3 e6 4. Bc4 Nf6 5. O-O Be7 6. h3 O-O 7. d3 Nc6 8. a3 a6 9. Bf4 b5 10. Ba2 Bb7 11. Be3 d5 12. e5 Nd7 13. d4 Qc7 14. Re1 cxd4 15. Nxd4 Ncxe5 16. Bf4 Bd6 17. Be3 Nf6 18. Nce2 Nc4 19. Bxc4 bxc4 20. Qd2 e5 21. Nf5 d4 22. Bg5 Ne4 23. Qc1 Qd7 24. Nxd6 Qxd6 25. Bh4 Qd5 26. f3 Nc5 27. Ng3 d3 28. Qg5 Qd4+ 29. Kh2 Ne6 30. Qd2 Qxh4 31. Nf5 Qf4+ 32. Qxf4 exf4 33. cxd3 cxd3 34. Rad1 Rfd8 35. Rd2 g6 36. Nh6+ Kg7 37. Ng4 Rac8 38. Re4 Bxe4 39. fxe4 Rc2 40. Rd1 d2 41. Nf2 Rc1 42. Rxd2 Rxd2 43. Ng4 f3 44. Ne3 fxg2 45. Nxg2 Rcc2 46. Kg3 Rxg2+ 47. Kh4 g5+ 48. Kh5 Nf4# 0-1

[Event "1st FIDE OWCCCC Pools-East 2021"]
[Site "Online"]
[Date "2021.02.19"]
[Round "1.47"]
[White "Joergensen, Mads"]
[Black "Aryal, Mitra"]
[Result "1-0"]
[WhiteElo "1514"]
[BlackElo "247"]
[Annotator "NA"]
[PlyCount "57"]
[EventDate "2021.02.19"]
[EventType "team-tourn"]
[EventCountry "NET"]
[SourceTitle "playchess.com"]
[Source "ChessBase"]
[SourceQuality "1"]

1. e4 e5 2. Nf3 d6 3. Bc4 Nh6 4. h3 Be7 5. d4 O-O 6. dxe5 dxe5 7. Qxd8 Rxd8 8. Nxe5 Nc6 9. Bxh6 gxh6 10. Bxf7+ Kf8 11. Nxc6 bxc6 12. Bb3 Bh4 13. O-O Ba6 14. Re1 c5 15. Nc3 Rd7 16. Nd5 Rf7 17. g3 Bg5 18. Nxc7 Rc8 19. Nxa6 Re7 20. Bc4 Re5 21. f4 Ree8 22. fxg5 hxg5 23. Rf1+ Ke7 24. Rf7+ Kd6 25. Rd1+ Kc6 26. Rf6+ Kb7 27. Rd7+ Ka8 28. Bd5+ Rc6 29. Bxc6# 1-0

[Event "1st FIDE OWCCCC Pools-East 2021"]
[Site "Online"]
[Date "2021.02.19"]
[Round "1.48"]
[White "Nair, Sanjeev"]
[Black "Palaniappan, Saraswathi"]
[Result "1/2-1/2"]
[WhiteElo "2143"]
[BlackElo "1608"]
[Annotator "TA"]
[PlyCount "81"]
[EventDate "2021.02.19"]
[EventType "team-tourn"]
[EventCountry "NET"]
[SourceTitle "playchess.com"]
[Source "ChessBase"]
[SourceQuality "1"]

1. d4 Nf6 2. Nf3 d5 3. c3 Bf5 4. Bf4 e6 5. e3 Bd6 6. Ne5 Nbd7 7. h3 h6 8. Bd3 Bh7 9. Bxh7 Nxh7 10. Nd2 Nxe5 11. dxe5 Be7 12. Nf3 c5 13. b3 Qb6 14. O-O O-O 15. Bg3 Ng5 16. Nxg5 Bxg5 17. Qg4 Be7 18. Bf4 Kh7 19. Qh5 Qd8 20. Rad1 Bg5 21. Bxg5 Qxg5 22. Qxg5 hxg5 23. f3 Rac8 24. f4 gxf4 25. Rxf4 f5 26. exf6 Rxf6 27. g3 b5 28. h4 a5 29. Kf2 Rcf8 30. Rf1 e5 31. Rxf6 Rxf6+ 32. Ke2 Rxf1 33. Kxf1 Kg6 34. g4 Kf6 35. Ke2 e4 36. Kf2 Ke5 37. Ke2 Ke6 38. Kd2 Ke5 39. Ke2 Ke6 40. Kf2 Ke5 41. Ke2 1/2-1/2

[Event "1st FIDE OWCCCC Pools-East 2021"]
[Site "Online"]
[Date "2021.02.19"]
[Round "1.48"]
[White "Kavya M Rao"]
[Black "Kojidi, Faezeh"]
[Result "0-1"]
[WhiteElo "1362"]
[BlackElo "900"]
[Annotator "NA"]
[PlyCount "68"]
[EventDate "2021.02.19"]
[EventType "team-tourn"]
[EventCountry "NET"]
[SourceTitle "playchess.com"]
[Source "ChessBase"]
[SourceQuality "1"]

1. e4 e5 2. Nc3 Nc6 3. Nf3 Nf6 4. Bc4 Bb4 5. d4 O-O 6. O-O d6 7. Be3 Be6 8. dxe5 Bxc4 9. Ng5 Bxf1 10. Kxf1 Nxe5 11. Ne6 Qd7 12. Nxf8 Kxf8 13. Bg5 Qe6 14. Qh5 Nxh5 15. Nd5 Qd7 16. a3 Qb5+ 17. Kg1 Qc5 18. axb4 Qc4 19. Be3 Qxc2 20. h4 Nd3 21. Bg5 Qxf2+ 22. Kh2 Qg3+ 23. Kg1 f6 24. Rd1 fxg5 25. Rxd3 Qxd3 26. hxg5 Ng3 27. Nf4 Qxe4 28. Nh5 Nxh5 29. g6 hxg6 30. b5 Re8 31. b3 Qe1+ 32. Kh2 Re3 33. g3 Qxg3+ 34. Kh1 Re1# 0-1

[Event "1st FIDE OWCCCC Pools-East 2021"]
[Site "Online"]
[Date "2021.02.19"]
[Round "1.48"]
[White "Patam, Sudhakar"]
[Black "Cerulik, Lukas"]
[Result "0-1"]
[WhiteElo "1301"]
[BlackElo "1275"]
[Annotator "NA"]
[PlyCount "58"]
[EventDate "2021.02.19"]
[EventType "team-tourn"]
[EventCountry "NET"]
[SourceTitle "playchess.com"]
[Source "ChessBase"]
[SourceQuality "1"]

1. e4 e6 2. Qf3 d5 3. e5 c5 4. c3 Nc6 5. Bb5 Bd7 6. Bxc6 Bxc6 7. d4 Qb6 8. Nh3 cxd4 9. Ng5 Qc7 10. cxd4 Bb4+ 11. Nc3 Nh6 12. a3 Bxc3+ 13. bxc3 Nf5 14. g4 Nh4 15. Qf4 Ng2+ 16. Ke2 Nxf4+ 17. Kf3 Nd3 18. Bd2 O-O 19. h4 h6 20. Nh3 Nb2 21. g5 h5 22. g6 fxg6+ 23. Ke2 Bb5+ 24. Ke3 Nc4+ 25. Ke2 Nxd2+ 26. Kxd2 Qc4 27. Ng5 Qe2+ 28. Kc1 Rxf2 29. Rd1 Qc2# 0-1

[Event "1st FIDE OWCCCC Pools-East 2021"]
[Site "Online"]
[Date "2021.02.19"]
[Round "1.49"]
[White "Lylov, Igor"]
[Black "Cyfka, Karina"]
[Result "0-1"]
[WhiteElo "2305"]
[BlackElo "2415"]
[Annotator "NA RC"]
[PlyCount "70"]
[EventDate "2021.02.19"]
[EventType "team-tourn"]
[EventCountry "NET"]
[SourceTitle "playchess.com"]
[Source "ChessBase"]
[SourceQuality "1"]

1. c4 e5 2. Nc3 Nf6 3. g3 d5 4. cxd5 Nxd5 5. Bg2 Nb6 6. Nf3 Nc6 7. O-O Be7 8. a3 O-O 9. b4 f6 10. Qb3+ Kh8 11. Bb2 Bg4 12. Qd1 Rb8 13. d3 a5 14. b5 Nd4 15. Nd2 Qd7 16. a4 Bb4 17. f3 Be6 18. Rc1 Nf5 19. Qe1 Ne3 20. Rf2 Bh3 21. Bxh3 Qxh3 22. Nf1 Ned5 23. e4 Ne7 24. Qe3 Qd7 25. Rfc2 Rbc8 26. Kg2 Rfd8 27. Rd1 Qd6 28. Nd2 Qxd3 29. Qxd3 Rxd3 30. Rdc1 c6 31. bxc6 Nxc6 32. Ndb1 Nc4 33. Nd5 Nxb2 34. Rxb2 Rd8 35. Nbc3 Ba3 0-1

[Event "1st FIDE OWCCCC Pools-East 2021"]
[Site "Online"]
[Date "2021.02.19"]
[Round "1.49"]
[White "Nair, Sanjeev"]
[Black "Jani, Janak"]
[Result "1-0"]
[WhiteElo "2143"]
[BlackElo "1515"]
[Annotator "NA"]
[PlyCount "105"]
[EventDate "2021.02.19"]
[EventType "team-tourn"]
[EventCountry "NET"]
[SourceTitle "playchess.com"]
[Source "ChessBase"]
[SourceQuality "1"]

1. e4 d5 2. exd5 Qxd5 3. Nc3 Qa5 4. d4 c6 5. Bc4 e6 6. Nge2 Nf6 7. O-O Bd6 8. Bf4 Bxf4 9. Nxf4 O-O 10. Qf3 Nbd7 11. Rfe1 e5 12. Nfe2 Re8 13. Bb3 exd4 14. Nxd4 Ne5 15. Qg3 Bg4 16. h3 Bh5 17. Kh1 Rad8 18. Nf5 Bg6 19. Nh4 Nh5 20. Qe3 Qc7 21. Rad1 Rxd1 22. Rxd1 Re7 23. Re1 Ng4 24. hxg4 Rxe3 25. Rxe3 Nf6 26. g5 Qf4 27. Nxg6 hxg6 28. gxf6 Qxf6 29. Rf3 Qh4+ 30. Kg1 b5 31. Bxf7+ Kf8 32. Bxg6+ Ke7 33. Bd3 g5 34. Ne4 Kd7 35. g3 Qg4 36. Nf6+ Kc7 37. Nxg4 Kb6 38. Rf6 Kc5 39. Rf5+ Kd6 40. Rxg5 a5 41. Rg6+ Kc7 42. Ne5 c5 43. Bxb5 Kb7 44. Rc6 Ka7 45. f4 c4 46. f5 c3 47. bxc3 a4 48. f6 a3 49. f7 Kb7 50. f8=Q Ka7 51. Qe7+ Kb8 52. Qc7+ Ka8 53. Ra6# 1-0

[Event "1st FIDE OWCCCC Pools-East 2021"]
[Site "Online"]
[Date "2021.02.19"]
[Round "1.49"]
[White "Chernikova, Iryna"]
[Black "Goujon, Antoine"]
[Result "1-0"]
[WhiteElo "1509"]
[BlackElo "1780"]
[Annotator "NA"]
[PlyCount "69"]
[EventDate "2021.02.19"]
[EventType "team-tourn"]
[EventCountry "NET"]
[SourceTitle "playchess.com"]
[Source "ChessBase"]
[SourceQuality "1"]

1. d4 Nf6 2. c4 e6 3. Nc3 d5 4. cxd5 exd5 5. Bg5 Be7 6. Nf3 h6 7. Bf4 O-O 8. h3 b6 9. e3 Bb7 10. Be2 Nbd7 11. O-O c5 12. b3 Rc8 13. Rc1 Re8 14. dxc5 bxc5 15. Nb5 Qb6 16. Nc3 Bd6 17. Bxd6 Qxd6 18. Bb5 a6 19. Ba4 Red8 20. Qe2 Qe6 21. Rfd1 Nb6 22. Nd2 Nxa4 23. Nxa4 Qe7 24. Qe1 Ne4 25. Nxe4 Qxe4 26. Nxc5 Qe7 27. Nxb7 Qxb7 28. Rxc8 Rxc8 29. Qd2 Rd8 30. Qd4 Qc8 31. Qb2 Qe6 32. Rd4 Rc8 33. Qd2 Rc5 34. b4 Rc4 35. Rxd5 1-0

[Event "1st FIDE OWCCCC Pools-East 2021"]
[Site "Online"]
[Date "2021.02.19"]
[Round "1.50"]
[White "Nastasia"]
[Black "Mokashi, Magnesh"]
[Result "1-0"]
[WhiteElo "1666"]
[BlackElo "1794"]
[Annotator "NA"]
[PlyCount "97"]
[EventDate "2021.02.19"]
[EventType "team-tourn"]
[EventCountry "NET"]
[SourceTitle "playchess.com"]
[Source "ChessBase"]
[SourceQuality "1"]

1. d4 d5 2. c4 e6 3. Nc3 Nf6 4. g3 Nbd7 5. Bg2 c6 6. Nf3 Bd6 7. O-O O-O 8. Bf4 Bxf4 9. gxf4 dxc4 10. Nd2 Nb6 11. e3 Nfd5 12. Qe2 f5 13. Kh1 Rf6 14. Rg1 Rh6 15. Bf3 Qh4 16. Rg2 Kh8 17. Nxc4 Nxc4 18. Qxc4 Bd7 19. Ne2 Rf8 20. Qc5 Rff6 21. Qxa7 Bc8 22. Qb8 Ne7 23. Qc7 Rfg6 24. Qd8+ Ng8 25. Qxh4 Rxh4 26. Rxg6 hxg6 27. a4 Nf6 28. a5 Ng4 29. Bxg4 Rxg4 30. b4 Kg8 31. Nc1 Kf7 32. Nd3 Ke7 33. Ne5 g5 34. Nxg4 fxg4 35. fxg5 Kd6 36. Rg1 e5 37. dxe5+ Kxe5 38. Rd1 Kf5 39. Rd8 Be6 40. Rb8 Ke4 41. Rxb7 Kf3 42. Kg1 Bd5 43. a6 c5 44. bxc5 Be4 45. Rxg7 Ke2 46. a7 Kd3 47. Rc7 Kc4 48. c6 Kb5 49. a8=Q 1-0

[Event "1st FIDE OWCCCC Pools-East 2021"]
[Site "Online"]
[Date "2021.02.19"]
[Round "1.50"]
[White "Borkar, Gautam"]
[Black "Kelkar, Devika"]
[Result "0-1"]
[WhiteElo "1092"]
[BlackElo "1576"]
[Annotator "NA"]
[PlyCount "58"]
[EventDate "2021.02.19"]
[EventType "team-tourn"]
[EventCountry "NET"]
[SourceTitle "playchess.com"]
[Source "ChessBase"]
[SourceQuality "1"]

1. d4 d5 2. c4 c6 3. Nc3 Nf6 4. Bg5 e6 5. e3 h6 6. Bf4 Bd6 7. Bxd6 Qxd6 8. Bd3 Nbd7 9. Nf3 O-O 10. O-O e5 11. dxe5 Nxe5 12. Nxe5 Qxe5 13. Re1 Qg5 14. Qf3 Bg4 15. Qg3 Nh5 16. f4 Nxg3 17. fxg5 Nh5 18. gxh6 dxc4 19. Bxc4 gxh6 20. Be2 Bxe2 21. Rxe2 Rad8 22. Ne4 Rfe8 23. Nc3 Rd3 24. g4 Nf6 25. e4 Nxg4 26. Rd1 Red8 27. Rxd3 Rxd3 28. Rg2 h5 29. Ne2 Rd1# 0-1

[Event "1st FIDE OWCCCC Pools-East 2021"]
[Site "Online"]
[Date "2021.02.19"]
[Round "1.50"]
[White "Carrier, Nathalie"]
[Black "Touzane, Olivier"]
[Result "0-1"]
[WhiteElo "980"]
[BlackElo "2276"]
[Annotator "TA"]
[PlyCount "74"]
[EventDate "2021.02.19"]
[EventType "team-tourn"]
[EventCountry "NET"]
[SourceTitle "playchess.com"]
[Source "ChessBase"]
[SourceQuality "1"]

1. d4 d5 2. Bf4 c6 3. Nf3 Bf5 4. e3 Nd7 5. Nbd2 Ngf6 6. c3 e6 7. Be2 h6 8. O-O Be7 9. Qb3 b5 10. g3 O-O 11. Nh4 Bh7 12. Qd1 a5 13. a3 Qb6 14. g4 Ne4 15. g5 hxg5 16. Nxe4 dxe4 17. Be5 Nxe5 18. dxe5 gxh4 19. Qd7 Ra7 20. Qd1 Qc5 21. f4 exf3 22. Bxf3 Qxe3+ 23. Rf2 Bc5 24. b4 Qxf2+ 25. Kh1 Be3 26. h3 axb4 27. cxb4 Bd4 28. Qf1 Qg3 29. Qg2 Qxg2+ 30. Kxg2 Bxa1 31. Bxc6 Bxe5 32. Bxb5 Be4+ 33. Kf2 Rxa3 34. Be2 Bg3+ 35. Kf1 Ra1+ 36. Bd1 Bf3 37. Kg1 Rxd1# 0-1

[Event "1st FIDE OWCCCC Pools-East 2021"]
[Site "Online"]
[Date "2021.02.19"]
[Round "1.50"]
[White "Piela, Adam"]
[Black "Yang, Alexander Z"]
[Result "0-1"]
[WhiteElo "231"]
[BlackElo "1630"]
[Annotator "NA"]
[PlyCount "62"]
[EventDate "2021.02.19"]
[EventType "team-tourn"]
[EventCountry "NET"]
[SourceTitle "playchess.com"]
[Source "ChessBase"]
[SourceQuality "1"]

1. e4 c5 2. Nc3 e6 3. d3 a6 4. Nf3 Qc7 5. h3 b5 6. a3 Bb7 7. Be2 Nc6 8. O-O Nf6 9. Kh1 Be7 10. Bg5 O-O 11. Qd2 Rad8 12. Rab1 d5 13. exd5 exd5 14. Bxf6 Bxf6 15. Qc1 b4 16. Nd1 a5 17. Ne3 Rfe8 18. Qd2 Nd4 19. Bd1 h6 20. c3 Nxf3 21. Bxf3 d4 22. cxd4 Bxf3 23. gxf3 Bxd4 24. Nf5 Qd7 25. Nxd4 Qxh3+ 26. Kg1 Rxd4 27. Rbe1 Red8 28. f4 Rxd3 29. Qe2 Rf3 30. Qe4 Qg4+ 31. Kh1 Rh3# 0-1

[Event "1st FIDE OWCCCC Pools-East 2021"]
[Site "Online"]
[Date "2021.02.19"]
[Round "1.51"]
[White "Ma, Whee Ky"]
[Black "Ruhl, Andreas"]
[Result "1-0"]
[WhiteElo "2324"]
[BlackElo "1321"]
[Annotator "NA"]
[PlyCount "85"]
[EventDate "2021.02.19"]
[EventType "team-tourn"]
[EventCountry "NET"]
[SourceTitle "playchess.com"]
[Source "ChessBase"]
[SourceQuality "1"]

1. e4 c5 2. Nf3 d6 3. Bb5+ Bd7 4. Bxd7+ Qxd7 5. d4 cxd4 6. Nxd4 Nc6 7. Nc3 g6 8. Be3 Bg7 9. Qd2 Nf6 10. f4 Ng4 11. Nxc6 Qxc6 12. Bd4 Bxd4 13. Qxd4 O-O-O 14. Qxa7 e6 15. h3 Nf6 16. e5 Qxg2 17. O-O-O Nd5 18. Qa8+ Kc7 19. exd6+ Kxd6 20. Qxb7 Rd7 21. Nb5+ Ke7 22. Qc6 Rhd8 23. c4 Ne3 24. Qc5+ Ke8 25. Qxe3 Rxd1+ 26. Rxd1 Rxd1+ 27. Kxd1 Qxb2 28. Qa3 Qf2 29. Qa8+ Ke7 30. Qa7+ Qxa7 31. Nxa7 Kd6 32. Kc2 Kc5 33. Kc3 f6 34. Nc8 e5 35. fxe5 fxe5 36. Ne7 e4 37. Nd5 h5 38. a4 g5 39. a5 Kc6 40. a6 g4 41. Kd4 gxh3 42. Ne7+ Kb6 43. Nf5 1-0

[Event "1st FIDE OWCCCC Pools-East 2021"]
[Site "Online"]
[Date "2021.02.19"]
[Round "1.51"]
[White "Krause, Max"]
[Black "Demko, Thomas"]
[Result "1-0"]
[WhiteElo "1954"]
[BlackElo "1250"]
[Annotator "TA"]
[PlyCount "57"]
[EventDate "2021.02.19"]
[EventType "team-tourn"]
[EventCountry "NET"]
[SourceTitle "playchess.com"]
[Source "ChessBase"]
[SourceQuality "1"]

1. Nf3 c5 2. c4 Nc6 3. e3 e6 4. d4 cxd4 5. exd4 d5 6. Nc3 Bb4 7. Bd3 Nf6 8. O-O O-O 9. Bg5 Be7 10. Re1 a6 11. c5 Nb4 12. Bb1 b6 13. a3 Nc6 14. Qd3 g6 15. b4 b5 16. Qd2 Ng4 17. Bf4 Re8 18. h3 Nf6 19. g4 Qd7 20. Ne5 Nxe5 21. dxe5 Rd8 22. exf6 Bxf6 23. Bd3 g5 24. Bxg5 Bxg5 25. Qxg5+ Kf8 26. Bxh7 Ke8 27. Rad1 Qe7 28. Qxe7+ Kxe7 29. Nxd5+ 1-0

[Event "1st FIDE OWCCCC Pools-East 2021"]
[Site "Online"]
[Date "2021.02.19"]
[Round "1.51"]
[White "Mikhailovsky, Sergey"]
[Black "Tabor, Jacek"]
[Result "1-0"]
[WhiteElo "1611"]
[BlackElo "737"]
[Annotator "NA"]
[PlyCount "63"]
[EventDate "2021.02.19"]
[EventType "team-tourn"]
[EventCountry "NET"]
[SourceTitle "playchess.com"]
[Source "ChessBase"]
[SourceQuality "1"]

1. e4 e5 2. d3 Nf6 3. f4 exf4 4. Bxf4 d5 5. e5 b6 6. exf6 Qxf6 7. Qe2+ Be7 8. Nc3 Nc6 9. Nxd5 O-O 10. Nxf6+ Bxf6 11. O-O-O Nd4 12. Qe4 Bf5 13. Qe3 Rae8 14. Qg3 c5 15. Nf3 Ne2+ 16. Bxe2 Rxe2 17. Rd2 Re6 18. Re1 Rxe1+ 19. Nxe1 b5 20. Be5 Bxe5 21. Qxe5 g6 22. Qxc5 a6 23. h3 Re8 24. Nf3 h5 25. Qc6 Re6 26. Qc7 b4 27. Ne5 Rxe5 28. Qxe5 f6 29. Qxf6 Bd7 30. Re2 a5 31. Re7 b3 32. Qg7# 1-0

[Event "1st FIDE OWCCCC Pools-East 2021"]
[Site "Online"]
[Date "2021.02.19"]
[Round "1.51"]
[White "Hughes, Essie"]
[Black "Muratorio, Fabio"]
[Result "0-1"]
[WhiteElo "1123"]
[BlackElo "1483"]
[Annotator "NA"]
[PlyCount "44"]
[EventDate "2021.02.19"]
[EventType "team-tourn"]
[EventCountry "NET"]
[SourceTitle "playchess.com"]
[Source "ChessBase"]
[SourceQuality "1"]

1. e4 e5 2. d3 Nf6 3. Nc3 d5 4. b3 Nc6 5. Bb2 Bb4 6. a3 Ba5 7. Qf3 d4 8. O-O-O dxc3 9. Ba1 Nd4 10. Qe3 Bb6 11. Bxc3 Nxb3+ 12. cxb3 Bxe3+ 13. Kc2 Bd4 14. Nf3 c5 15. g3 Bg4 16. Bg2 Rc8 17. h3 Be6 18. h4 Qb6 19. b4 cxb4 20. axb4 Bxc3 21. Rb1 Qxf2+ 22. Nd2 Qxd2# 0-1

[Event "1st FIDE OWCCCC Pools-East 2021"]
[Site "Online"]
[Date "2021.02.19"]
[Round "1.52"]
[White "Maglio, Fabio"]
[Black "Neilmehta"]
[Result "1-0"]
[WhiteElo "1612"]
[BlackElo "1012"]
[Annotator "NA"]
[PlyCount "61"]
[EventDate "2021.02.19"]
[EventType "team-tourn"]
[EventCountry "NET"]
[SourceTitle "playchess.com"]
[Source "ChessBase"]
[SourceQuality "1"]

1. e4 e5 2. Nf3 d6 3. Bc4 f6 4. Nc3 Nh6 5. h3 a6 6. d3 b5 7. Bb3 b4 8. Ne2 c5 9. a3 bxa3 10. Rxa3 Bb7 11. c3 Be7 12. O-O Rf8 13. Ba4+ Nd7 14. d4 c4 15. dxe5 fxe5 16. Ng3 d5 17. Nxe5 Bxa3 18. Bxd7+ Ke7 19. Bg5+ Kd6 20. Bxd8 Raxd8 21. bxa3 Rxd7 22. Nxd7 Kxd7 23. Qa4+ Bc6 24. Qxa6 dxe4 25. Qxc4 Ba8 26. Nxe4 Nf5 27. Rd1+ Ke7 28. Qc5+ Kf7 29. Qxf5+ Ke7 30. Rd7+ Ke8 31. Nd6# 1-0

[Event "1st FIDE OWCCCC Pools-East 2021"]
[Site "Online"]
[Date "2021.02.19"]
[Round "1.52"]
[White "Fuss, Philippe"]
[Black "Bouychou, Armand"]
[Result "0-1"]
[WhiteElo "1088"]
[BlackElo "1654"]
[Annotator "NA"]
[PlyCount "58"]
[EventDate "2021.02.19"]
[EventType "team-tourn"]
[EventCountry "NET"]
[SourceTitle "playchess.com"]
[Source "ChessBase"]
[SourceQuality "1"]

1. e4 d5 2. exd5 Nf6 3. Nc3 Bg4 4. Be2 Bxe2 5. Ngxe2 Nxd5 6. Nxd5 Qxd5 7. O-O Nc6 8. Nc3 Qf5 9. d3 O-O-O 10. Be3 e5 11. a3 f6 12. Ne2 g5 13. Ng3 Qg6 14. Qf3 Nd4 15. Qg4+ Kb8 16. Rac1 h5 17. Qd1 f5 18. c3 Nc6 19. d4 f4 20. Bd2 fxg3 21. fxg3 exd4 22. Be1 dxc3 23. Bxc3 Rxd1 24. Rcxd1 Bc5+ 25. Kh1 Rf8 26. Rfe1 a5 27. Re5 Bd6 28. Red5 h4 29. Be1 Rf1# 0-1

[Event "1st FIDE OWCCCC Pools-East 2021"]
[Site "Online"]
[Date "2021.02.19"]
[Round "1.52"]
[White "Mokrysz, Adam"]
[Black "Gubareva, Sofia"]
[Result "0-1"]
[WhiteElo "870"]
[BlackElo "1480"]
[Annotator "NA"]
[PlyCount "96"]
[EventDate "2021.02.19"]
[EventType "team-tourn"]
[EventCountry "NET"]
[SourceTitle "playchess.com"]
[Source "ChessBase"]
[SourceQuality "1"]

1. e4 c5 2. Nf3 d6 3. h3 e6 4. Bb5+ Bd7 5. Bxd7+ Qxd7 6. Nc3 Nc6 7. d3 g6 8. O-O Bg7 9. Bd2 Nf6 10. a3 a6 11. Re1 Qc7 12. Bf4 O-O 13. Qd2 b5 14. Bh6 Rad8 15. Bxg7 Kxg7 16. Rad1 Rfe8 17. d4 cxd4 18. Nxd4 Nxd4 19. Qxd4 Qc5 20. Qxc5 dxc5 21. e5 Nd5 22. Nxd5 exd5 23. f4 d4 24. b3 h6 25. g4 f6 26. exf6+ Kxf6 27. Kf2 Rxe1 28. Rxe1 d3 29. cxd3 Rxd3 30. Re3 Rd2+ 31. Ke1 Rd4 32. Rf3 h5 33. Ke2 c4 34. bxc4 Rxc4 35. Kd3 hxg4 36. hxg4 g5 37. Ke3 Ra4 38. Ke2 gxf4 39. Rc3 Kg5 40. Kf2 Kxg4 41. Rb3 Rc4 42. Rb2 Rc3 43. Ra2 Rh3 44. Kg2 f3+ 45. Kg1 Kg3 46. Rf2 Rh1+ 47. Kxh1 Kxf2 48. Kh2 Ke1 0-1

[Event "1st FIDE OWCCCC Pools-East 2021"]
[Site "Online"]
[Date "2021.02.19"]
[Round "1.53"]
[White "Siddharth, Venkatesh"]
[Black "Jerome, Rombaut"]
[Result "1-0"]
[WhiteElo "1826"]
[BlackElo "1388"]
[Annotator "NA"]
[PlyCount "111"]
[EventDate "2021.02.19"]
[EventType "team-tourn"]
[EventCountry "NET"]
[SourceTitle "playchess.com"]
[Source "ChessBase"]
[SourceQuality "1"]

1. d4 c5 2. d5 e6 3. c4 exd5 4. cxd5 d6 5. Nc3 g6 6. e4 Bg7 7. Nf3 Bg4 8. Be2 Ne7 9. O-O O-O 10. a4 f5 11. Nd2 Bxe2 12. Qxe2 fxe4 13. Qxe4 Re8 14. Nc4 Nf5 15. Qd3 Na6 16. Bf4 Nb4 17. Qd2 a6 18. a5 Qc7 19. Rfe1 Qd7 20. h3 Bxc3 21. bxc3 Nxd5 22. Qxd5+ Kg7 23. Nb6 Qc6 24. Qxc6 bxc6 25. Nxa8 Rxa8 26. c4 Rd8 27. g4 Nd4 28. Re7+ Kg8 29. Kg2 d5 30. cxd5 cxd5 31. Be3 Nb3 32. Rd1 d4 33. Bh6 c4 34. Rc7 c3 35. Rxc3 Rb8 36. Rxb3 Rxb3 37. Rxd4 Kf7 38. Rd6 Rb7 39. Rxa6 Ke7 40. Be3 Kd7 41. Ra7 Kc6 42. Rxb7 Kxb7 43. f4 Ka6 44. Bb6 Kb7 45. f5 gxf5 46. gxf5 Kc6 47. f6 Kd7 48. a6 Kc8 49. f7 Kd7 50. f8=Q Kc6 51. a7 Kxb6 52. a8=Q Kb5 53. Qd5+ Ka4 54. Qc6+ Kb3 55. Qb8+ Ka2 56. Qca8# 1-0

[Event "1st FIDE OWCCCC Pools-East 2021"]
[Site "Online"]
[Date "2021.02.19"]
[Round "1.53"]
[White "Dracka, Alexander"]
[Black "Deshpande Jaywant"]
[Result "0-1"]
[WhiteElo "1598"]
[BlackElo "1271"]
[Annotator "NA"]
[PlyCount "84"]
[EventDate "2021.02.19"]
[EventType "team-tourn"]
[EventCountry "NET"]
[SourceTitle "playchess.com"]
[Source "ChessBase"]
[SourceQuality "1"]

1. Nf3 Nc6 2. d4 d5 3. Bf4 Bf5 4. e3 e6 5. c3 Bd6 6. Bg3 Nf6 7. Bd3 Ne4 8. Bxe4 Bxe4 9. Nbd2 Bg6 10. Ne5 Ne7 11. f4 Nf5 12. Bf2 c6 13. Qe2 Qb6 14. b4 a5 15. O-O axb4 16. cxb4 Bxe5 17. fxe5 Qxb4 18. Rfb1 Qe7 19. Rb2 O-O 20. Nb3 b6 21. Rc1 Qd7 22. Nd2 Ne7 23. e4 Rfb8 24. exd5 cxd5 25. Qb5 Qxb5 26. Rxb5 Rxa2 27. Nb3 Bd3 28. Rb4 Bc4 29. Ra1 Rxa1+ 30. Nxa1 Nc6 31. Rb2 b5 32. Nc2 Ra8 33. h3 Ra2 34. Rxa2 Bxa2 35. Na3 b4 36. Nb5 b3 37. Nc3 b2 38. Kh2 b1=Q 39. Nxb1 Bxb1 40. g4 Be4 41. Kg3 f6 42. exf6 gxf6 0-1

[Event "1st FIDE OWCCCC Pools-East 2021"]
[Site "Online"]
[Date "2021.02.19"]
[Round "1.53"]
[White "Le Saux, JC."]
[Black "Sharma, Keshav"]
[Result "0-1"]
[WhiteElo "1351"]
[BlackElo "2034"]
[Annotator "TA"]
[PlyCount "64"]
[EventDate "2021.02.19"]
[EventType "team-tourn"]
[EventCountry "NET"]
[SourceTitle "playchess.com"]
[Source "ChessBase"]
[SourceQuality "1"]

1. e4 e5 2. Nf3 Nc6 3. d4 exd4 4. Nxd4 d6 5. Nc3 Nf6 6. Bg5 Be7 7. Nxc6 bxc6 8. Bc4 O-O 9. Qf3 d5 10. exd5 cxd5 11. Nxd5 Nxd5 12. Bxd5 Bxg5 13. O-O Rb8 14. Rad1 Qf6 15. Qxf6 Bxf6 16. b3 Ba6 17. Rfe1 Rbd8 18. Bf3 g6 19. c4 Bc3 20. Rxd8 Rxd8 21. Rc1 Re8 22. Kf1 Bb4 23. a4 Bc8 24. h4 h5 25. Bc6 Re7 26. c5 Ba6+ 27. Kg1 Re5 28. Ba8 Rxc5 29. Rd1 Kg7 30. Rd4 Rc1+ 31. Kh2 Bd6+ 32. Kh3 Rh1# 0-1

[Event "1st FIDE OWCCCC Pools-East 2021"]
[Site "Online"]
[Date "2021.02.19"]
[Round "1.53"]
[White "Boumediene, Ahmed Amine"]
[Black "trijeetxK"]
[Result "0-1"]
[WhiteElo "1109"]
[BlackElo "1391"]
[Annotator "NA"]
[PlyCount "54"]
[EventDate "2021.02.19"]
[EventType "team-tourn"]
[EventCountry "NET"]
[SourceTitle "playchess.com"]
[Source "ChessBase"]
[SourceQuality "1"]

1. d4 d5 2. Nf3 Nf6 3. Bf4 e6 4. Nc3 c5 5. dxc5 Bxc5 6. Bxb8 Rxb8 7. Ne5 O-O 8. e3 Nd7 9. Ng4 Nf6 10. Be2 Nxg4 11. Bxg4 Qf6 12. Qd2 b5 13. b4 Bxb4 14. Rb1 Bxc3 15. Qxc3 Qxc3+ 16. Kf1 Qxc2 17. Re1 Ba6 18. h4 b4+ 19. Kg1 Qxa2 20. Rh3 Qd2 21. Rf1 Bxf1 22. Kxf1 Qc1+ 23. Ke2 b3 24. Kf3 b2 25. Bh5 b1=Q 26. Rg3 Qf5+ 27. Ke2 Rb2# 0-1

[Event "1st FIDE OWCCCC Pools-East 2021"]
[Site "Online"]
[Date "2021.02.19"]
[Round "1.53"]
[White "Nigam, Kajol"]
[Black "Vladimir_"]
[Result "0-1"]
[WhiteElo "763"]
[BlackElo "2529"]
[Annotator "TA"]
[PlyCount "48"]
[EventDate "2021.02.19"]
[EventType "team-tourn"]
[EventCountry "NET"]
[SourceTitle "playchess.com"]
[Source "ChessBase"]
[SourceQuality "1"]

1. e4 d6 2. Nc3 Nf6 3. f3 c5 4. d3 Nc6 5. Nd5 e6 6. Nf4 d5 7. exd5 exd5 8. c3 Be7 9. d4 O-O 10. Bd3 cxd4 11. Nge2 dxc3 12. Nxc3 Bc5 13. Qb3 Re8+ 14. Nfe2 Ne5 15. Bc2 d4 16. Bd2 dxc3 17. bxc3 Nd3+ 18. Kd1 Nf2+ 19. Kc1 Nxh1 20. Bd3 Qxd3 21. Kd1 Rxe2 22. Kc1 Qxd2+ 23. Kb1 Re1+ 24. Qd1 Rxd1# 0-1